| 000 | 00755nam a2200217 a 4500 | ||
|---|---|---|---|
| 003 | 0 | ||
| 005 | 20250211093552.0 | ||
| 008 | 130126s19uu xx 00 eng d | ||
| 050 |
_aPHS HQ 755.8 _b.At864 2012 |
||
| 100 | _aAtendido, Jan Nathalia A. | ||
| 245 |
_aParenting style and gender / _cJan Nathalia A. Atendido. |
||
| 260 |
_aLas PiƱas City, Philippines : _bSouthville International School and Colleges, _c2012. |
||
| 300 |
_a20 pages : _billustrations ; _c28 cm. |
||
| 504 | _aIncludes bibliographical references. | ||
| 650 |
_aChild rearing _xInfluence. |
||
| 650 |
_aChild development _xAnalysis. |
||
| 650 |
_aParenting _xPsychological aspects. |
||
| 650 | _aParent and child. | ||
| 650 | _aGender identity in children. | ||
| 942 |
_2lcc _cPASS |
||
| 999 |
_c98855 _d98855 |
||